Mundo gráfico (Record no. 1499)

MARC details
000 -LEADER
campo de control de longitud fija 01172nas a2200301 i 4500
001 - NÚMERO DE CONTROL
campo de control 1499
003 - IDENTIFICADOR DE NÚMERO DE CONTROL
campo de control ES-MaACL
005 - FECHA Y HORA DE LA ÚLTIMA TRANSACCIÓN
campo de control 20260127122533.0
007 - CAMPO FIJO DE DESCRIPCIÓN FÍSICA--INFORMACIÓN GENERAL
campo de control de longitud fija t|
008 - DATOS DE LONGITUD FIJA--INFORMACIÓN GENERAL
campo de control de longitud fija 950801d19111938sp w|yp | ||pa d
022 ## - NÚMERO INTERNACIONAL NORMALIZADO PARA PUBLICACIONES SERIADAS
Número Internacional Normalizado para Publicaciones Seriadas 1579-847X
080 ## - NÚMERO DE LA CLASIFICACIÓN DECIMAL UNIVERSAL
Número de la Clasificación Decimal Universal (051)
245 00 - MENCIÓN DEL TÍTULO
Título Mundo gráfico
Resto del título : [revista popular ilustrada] /
Mención de responsabilidad, etc. [dir. Francisco Verdugo Landi].
260 ## - PUBLICACIÓN, DISTRIBUCIÓN, ETC.
Lugar de publicación, distribución, etc. Madrid :
Nombre del editor, distribuidor, etc. Mundo Gráfico,
Fecha de publicación, distribución, etc. 1911-1938.
300 ## - DESCRIPCIÓN FÍSICA
Extensión 36 v. :
Otras características físicas il., fot. ;
Dimensiones 30 y 35 cm.
310 ## - PERIODICIDAD ACTUAL
Periodicidad actual Semanal
362 1# - FECHAS DE PUBLICACIÓN Y/O DESIGNACIÓN SECUENCIAL
Fecha de publicación y/o designación secuencial Año 1, n. 1 (2 nov. 1911)-(29 jun.1938)
530 ## - NOTA DISPONIBLE DE FORMULARIO FÍSICO ADICIONAL
Nota de formato físico adicional disponible Disponible en formato digital.
650 14 - PUNTO DE ACCESO ADICIONAL DE MATERIA--TÉRMINO DE MATERIA
Término de materia o nombre geográfico como elemento de entrada Revistas de información general.
9 (RLIN) 16896
700 1# - ENTRADA AGREGADA--NOMBRE PERSONAL
Nombre de persona Verdugo Landi, Francisco.
9 (RLIN) 114055
700 1# - ENTRADA AGREGADA--NOMBRE PERSONAL
Nombre de persona Campua, José L.,
9 (RLIN) 227612
700 1# - ENTRADA AGREGADA--NOMBRE PERSONAL
Nombre de persona González de Linares, Luis,
9 (RLIN) 194223
852 ## - LOCALIZACIÓN
Ubicación ES-MaACL
Número de control de estantería Hem-839
Nota libre Presenta notas manuscritas con las inscripciones: "R-157" y "R-632"
Ubicación en estantería Depósito 1
856 4# - LOCALIZACIÓN Y ACCESO ELECTRÓNICOS
Identificador Uniforme de Recursos <a href="http://hemerotecadigital.bne.es/issn/1579-847X ">http://hemerotecadigital.bne.es/issn/1579-847X </a>
Texto de enlace Hemeroteca Digital de la BNE
866 #0 - MENCIÓN TEXTUAL DE FONDOS--UNIDAD BIBLIOGRÁFICA BÁSICA
Fondos (1915 f.n.183,196, 207 y 209)1916(1917 f.n. 280,304,322)1918-35(1936).
Nota pública Se interrumpe su recepción el 24 jun.1936.
942 ## - ELEMENTOS DE ENTRADA SECUNDARIOS (KOHA)
Fuente del sistema de clasificación o colocación Clasificación decimal universal
Holdings
Estatus retirado Estado de pérdida Estado de daño No para préstamo Colección Biblioteca de origen Biblioteca actual Ubicación en estantería Fecha de adquisición Fuente de adquisición Total de préstamos Signatura topográfica completa Código de barras Visto por última vez Precio de reemplazo Tipo de ítem Koha
        Colección digital Biblioteca del Ateneo de Madrid Biblioteca del Ateneo de Madrid Depósito 1 17/01/2008     Hem-839 1001530 23/02/2023 23/02/2023 Revista